| 000 | 00445nam a22001457a 4500 | ||
|---|---|---|---|
| 005 | 20250327145816.0 | ||
| 008 | 250327b |||||||| |||| 00| 0 eng d | ||
| 041 | _aENG | ||
| 082 | _aSAM | ||
| 100 |
_aSamrat Sakshi- 2K231180 & Dr. Archana Pradhan – Guide _9211766 |
||
| 245 | _aImportance of Interview Rounds in Recruitment ans Selection at EXALTICA LLP. | ||
| 260 |
_aPune _bSPPU _cDecember 2024 |
||
| 300 | _a67 | ||
| 942 | _cPR | ||
| 999 |
_c365801 _d365801 |
||